| 000 | 00884nam a22002415i 4500 | ||
|---|---|---|---|
| 001 | 159652 | ||
| 003 | ES-MaACL | ||
| 005 | 20230906211716.0 | ||
| 008 | 020906s1898 fr |||| | fre d | ||
| 040 |
_aCCPB | B _bspa _cCCPB | B |
||
| 100 | 1 |
_aMilhaud, Gaston. _9129920 |
|
| 245 | 1 | 0 |
_aEssai sur les conditions et les limites de la certitude logique / _cpar G. Milhaud. |
| 250 | _a2ème éd. revue. | ||
| 260 |
_aParis : _bancienne Librairie Germer Baillière et C\pie\s, Félix Alcan, éditeur, _c1898 ( _eTours : _fImp. E. Arrault et C\pie\s) |
||
| 300 |
_aVIII, 203 p. ; _c18 cm. |
||
| 490 | 1 | _aBibliothèque de philosophie contemporaine | |
| 650 | 4 |
_aLógica. _914693 |
|
| 752 |
_aFrancia - _dParís |
||
| 752 |
_aFrancia - _dTours |
||
| 830 | 0 |
_aBibliothèque de philosophie contemporaine _9181027 |
|
| 852 |
_aES-MaACL _jF-11998 _z-- Enc. hol. |
||
| 999 |
_c159652 _d159652 |
||